BIBLIOTECA PODER JUDICIAL
Portal Judicial TDF

La naturalización de algunas formas de violencia obstétrica : (Registro nro. 6215)

000 -LEADER
fixed length control field 01137nab a22002297a 4500
003 - CONTROL NUMBER IDENTIFIER
control field OSt
005 - DATE AND TIME OF LATEST TRANSACTION
control field 20260126000947.0
008 - FIXED-LENGTH DATA ELEMENTS--GENERAL INFORMATION
fixed length control field 190514b xxu||||| |||| 00| 0 spa d
040 ## - CATALOGING SOURCE
Transcribing agency PJ
100 ## - MAIN ENTRY--PERSONAL NAME
9 (RLIN) 6940
Personal name Tagliani, María Soledad
245 13 - TITLE STATEMENT
Title La naturalización de algunas formas de violencia obstétrica :
Remainder of title un fallo emblemático /
Statement of responsibility, etc María Soledad Tagliani.
300 ## - PHYSICAL DESCRIPTION
Extent p. 120-131
500 ## - GENERAL NOTE
General note Cita: TR LALEY AR/DOC/1514/2024.
505 ## - FORMATTED CONTENTS NOTE
Formatted contents note Sumario: I. El caso.— II. Breves referencias acerca de la violencia obstétrica y sus modalidades.— III. Valoración de los medios probatorios en estos supuestos.— IV. Palabras finales.
505 ## - FORMATTED CONTENTS NOTE
Title Fallo comentado: CCiv., Com. y Minería, General Roca ~ 01/02/2024 ~ M. M. M. c. H. J. O. Y. O. s/ violencia (f).
650 #0 - SUBJECT ADDED ENTRY--TOPICAL TERM
9 (RLIN) 967
Topical term or geographic name as entry element DERECHO DE FAMILIA
650 #0 - SUBJECT ADDED ENTRY--TOPICAL TERM
9 (RLIN) 4044
Topical term or geographic name as entry element PERSPECTIVA DE GÉNERO
650 #0 - SUBJECT ADDED ENTRY--TOPICAL TERM
9 (RLIN) 5034
Topical term or geographic name as entry element VIOLENCIA OBSTÉTRICA
650 #0 - SUBJECT ADDED ENTRY--TOPICAL TERM
9 (RLIN) 1057
Topical term or geographic name as entry element JURISPRUDENCIA APLICABLE
773 0# - HOST ITEM ENTRY
Host Biblionumber 2844
Host Itemnumber 3222
Place, publisher, and date of publication Buenos Aires : AbeledoPerrot, 1989-
Title Derecho de familia. Revista Interdisciplinaria de doctrina y jurisprudencia. Agosto 2024-IV.
International Standard Book Number 18511201
942 ## - ADDED ENTRY ELEMENTS (KOHA)
Source of classification or shelving scheme
Koha item type Analítica Artículo de Revista

No hay ítems disponibles.

12 de Octubre 789 Ushuaia - Tel:  54(02901)441571
Horario de Atención: 8.00 a 17.00 hs. 
bibliotecaush@justierradelfuego.gov.ar
koha@justierradelfuego.gov.ar
Seguinos en nuestras redes @bibliojustdf 

Con tecnología Koha